zpět

Detail výsledku týmu

Za Vodojemem, Chrudim

Datum a čas kvízu

44 Celkem bodů Celkový počet nahraných bodů na tomto kvízu bez doplňovacích otázek.
1. Pořadí na kvízu Konečné umístění týmu na tomto kvízu.

Zaznamenané odpovědi

# Otázka Odpověď Body Výsledky
1. Která společnost začala minulý... Foodora 1
2. Vydavatelství Oxford Universit... C 1
3. Spousta z vás si jistě minulý... Bad Bunny 0
4. Tento klenot z horského křišťá... Fabergého vejce 1
5. V neděli jsme se dozvěděli jmé... Lando Norris, 3. místo 1
6. Jak jinak začít toto téma, než... žlutý trpaslík 0.5
7. Další otázku věnujme Zemi. Jed... 6378 km 1
8. Nyní se podíváme na planety, c... Merkur; Venuše 0.5
9. Na řadě je rychlost planet. Co... B 1
10. Přiřaďte názvy těchto měsíců k... 1D 2C 3B 4A 1